000 00858nam a22002657a 4500
001 7850
003 FISKH
005 20250812093255.0
008 250811b cb ||||| |||| 00| 0 eng d
020 _a9780803737297
040 _aFISKH
_beng
_cFISKH
_dFISKH
050 _aPZ7.L6622 L
082 _a443
100 _aLinenthal, Peter
245 _aLook look outside /
260 _aNew York :
_bPenguin,
_c2012.
300 _a18 unnumbered pages :
_bcolor illustrations ;
_c17 cm
505 _aC
520 _aA baby looks outside the window and sees all sorts of interesting things, in a book with high-contrast black-and-white illustrations. On board pages.
521 8 _a100
_bLexile estimate
521 8 _aC
_bRaz-Plus
650 _aBlack and White
_vChildren's Books
_xBoard Book
_yPicture Book
942 _2ddc
_cBK
_n0
999 _c7850
_d7850